| 000 | 00000nam##2200000za#4500 |
| 001 | 9.637971 |
| 003 | CaOODSP |
| 005 | 20210624221447 |
| 007 | cr ||||||||||| |
| 008 | 150407|2009||||xxc|||||o f|0| 0 fre|d |
| 020 | |a978-1-100-95558-2 |
| 040 | |aCaOODSP|bfre |
| 043 | |an-cn--- |
| 086 | 1 |aV32-218/1-2009F-PDF |
| 110 | 1 |aCanada. |bAnciens combattants Canada. |
| 245 | 10|aDonnées probantes concernant les pratiques exemplaires en matière de gestion de l'invalidité : |h[ressource électronique]|bsommaire / |c[par] Thompson JM et MacLean MB. |
| 260 | |aCharlottetown - Ile du Prince-Édouard : |bAnciens Combattants Canada |c27 juillet 2009. |
| 300 | |a8p.|bglossaire |
| 590 | |a12-24-Supp|b2012-05-30 |
| 691 | 07|aHandicap|2gcpds |
| 691 | 07|aAncien combattant|2gcpds |
| 720 | 1 |aThompson, J. M. |
| 720 | 1 |aMacLean, M.B. |
| 775 | 08|tEvidence for best practices in the management of disabilities : |w(CaOODSP)9.693780 |
| 856 | 40|ahttp://publications.gc.ca|qPDF|s148 Ko|uhttps://publications.gc.ca/collections/collection_2011/acc-vac/V32-218-1-2009-fra.pdf |